[Event "3. Open Bohumin 2020"]
[Site "Bohumin"]
[Date "2020.07.24"]
[Round "7.17"]
[White "Gratze, Michael"]
[Black "Nytra, Ondrej"]
[Result "0-1"]
[WhiteElo "1919"]
[BlackElo "2150"]
[Annotator "TA"]
[PlyCount "126"]
[EventDate "2020.07.18"]
[EventType "swiss"]
[EventCountry "CZE"]
[SourceTitle "playchess.com"]
[Source "ChessBase"]
[SourceQuality "1"]

{[%evp 26,126,18,15,22,19,41,20,13,18,91,0,0,3,33,-27,-25,-26,-25,-28,-26,-27,-30,-108,-107,-101,-115,-109,-56,-52,-32,-113,-112,-121,-114,-116,-117,-117,-117,-117,-117,-115,-104,-140,-114,-168,-164,-148,-133,-138,-122,-144,-151,-139,-46,-206,-179,-239,-134,-151,-113,-73,-75,-72,-68,-71,-70,-70,-51,-57,0,0,0,0,0,0,0,0,0,0,0,0,0,0,0,-559,-485,-1011,-702,-5913,-5642,-5708,-5097,-29970,-29973,-29972,-29971,-29975,-29975,-29976,-29978,-29987,-29987]} 1. e4 e5 2. Nf3 Nc6 3. d4 exd4 4. Bc4 Nf6 5. e5 d5 6. Bb5 Ne4 7. Nxd4 Bd7 8. Bxc6 bxc6 9. O-O Bc5 10. f3 Ng5 11. Be3 O-O 12. f4 Ne4 13. Nd2 Nxd2 14. Qxd2 Bb6 {C56: Two Knights: 4 d4 exd4 5 0-0 Nxe4.} 15. Nb3 Qe7 16. Qf2 f6 {The position is equal.} 17. Bc5 Qe8 {[#]} (17... Qe6 $11) 18. Rae1 $146 (18. exf6 $1 $16 Rxf6 19. a4) ({Predecessor:} 18. exf6 Rxf6 19. a4 Bf5 20. a5 Bxc5 21. Nxc5 Qh5 22. Rfe1 Raf8 23. Re5 Qg4 24. Rae1 {½-½ (37) Clark,R (1724)-Pott,B (1814) Chessfriend.com 2005}) 18... fxe5 $11 19. Rxe5 Qg6 20. f5 (20. a4 $14) 20... Qf6 $36 {[%mdl 2048] Black has good play.} 21. Qd4 Rae8 22. Rxe8 Rxe8 23. Qxf6 gxf6 24. g4 (24. c3 $11 {remains equal.}) 24... Re4 $1 $17 25. h3 {[#]} h5 $1 {[%mdl 512]} 26. gxh5 {[#]} Rh4 (26... Rc4 $1 $17 27. Bxb6 cxb6) 27. Kg2 Rxh5 28. Bxb6 ({White should play} 28. c3 $15) 28... cxb6 $15 {[%mdl 4096] Endgame KRB-KRN} 29. Nd4 c5 30. Ne6 Kf7 31. Kg3 Bxe6 32. fxe6+ Kxe6 $17 {KR-KR} 33. h4 Kf7 34. Kg4 Kg6 35. Re1 (35. c3 $17) 35... Re5 $19 36. Rg1 d4 37. Kf4+ Kf7 38. Rg2 Re1 39. Rh2 b5 (39... Kg6 $17 {Strongly threatening ...Ra1.} 40. h5+ Kh7) 40. Rd2 $2 (40. h5 $15) 40... Rh1 41. Kg3 (41. Kg4 $142) 41... Rc1 (41... Ra1 $19 42. c3 dxc3 43. bxc3 Rc1 44. Rd7+ Ke6) 42. Kf3 a5 43. Ke4 Ke6 {And now ...Rh1 would win.} 44. Rh2 Re1+ 45. Kd3 $1 Re3+ 46. Kd2 Rg3 47. h5 Kf7 ({Black should try} 47... Rg7 $15) 48. h6 $1 $11 {[%cal Rh6h7] Threatens to win with h7.} Kg8 49. Rf2 Kf7 50. Rh2 {aiming for h7.} Kg8 51. Rf2 c4 52. Rxf6 Rg2+ 53. Kd1 Rg1+ 54. Kd2 Rb1 55. b3 $2 {[%mdl 8192] [#]} (55. a4 $11 {and White stays safe.}) 55... c3+ $1 $19 56. Kd3 (56. Ke2 $142 Rc1 57. a4 Rxc2+ 58. Kd1 Rd2+ 59. Kc1 bxa4 60. bxa4) 56... Rd1+ 57. Ke4 {[#]} d3 $1 {[%mdl 576] Promotion} 58. cxd3 c2 59. Rc6 c1=Q {Black mates.} 60. Rxc1 Rxc1 61. d4 Ra1 62. Kd5 Rxa2 63. Kc6 a4 {Accuracy: White = 58%, Black = 81%.} 0-1

[Event "3. Open Bohumin 2020"]
[Site "Bohumin"]
[Date "2020.07.24"]
[Round "7.18"]
[White "Kijonka, Ondrej"]
[Black "Lys, Josef"]
[Result "0-1"]
[WhiteElo "1544"]
[BlackElo "2124"]
[Annotator "TA"]
[PlyCount "54"]
[EventDate "2020.07.18"]
[EventType "swiss"]
[EventCountry "CZE"]
[SourceTitle "playchess.com"]
[Source "ChessBase"]
[SourceQuality "1"]

{[%evp 11,54,-8,-16,-31,-16,-62,-16,-50,-49,-77,-74,-72,-77,-85,-84,-102,-106,-145,-142,-163,-102,-192,-126,-162,-143,-213,-169,-468,-464,-475,-453,-903,-865,-1292,-1249,-29985,-29986,-29988,-29989,-29989,-29990,-29990,-29991,-29991,-29992]} 1. e4 c5 2. Nf3 Nc6 3. Bc4 e6 4. Nc3 d6 5. d3 Nf6 6. O-O Be7 7. h3 {B50: Sicilian: 2...d6, Miscellaneous.} O-O 8. Nh2 Na5 9. Bb3 {[#] The position is equal.} a6 $146 ({Predecessor:} 9... Bd7 10. Ba4 Bxa4 11. Nxa4 b5 12. Nc3 b4 13. Ne2 Nc6 14. b3 a5 15. Bd2 Qc7 {½-½ (42) Seiler,D-Ullmann,R Leipzig 1997}) 10. a4 Nxb3 11. cxb3 b6 12. f4 Bb7 13. Ng4 Nxg4 14. Qxg4 f5 15. Qe2 Bf6 (15... d5 $19 16. Bd2 fxe4 17. dxe4 Qd7) 16. Na2 (16. Be3 $17) 16... Bd4+ ({Black should play} 16... fxe4 $19 17. dxe4 d5) 17. Kh1 Qf6 {[#]} 18. Rb1 (18. Nc3 $1 $17 {[%mdl 512]}) 18... Rae8 19. Re1 $2 (19. Nc3) 19... e5 $19 20. Nc3 exf4 21. Qc2 {[#]} (21. Bd2 $142 d5 22. e5 Bxe5 23. Qf1) 21... Qh4 $1 22. Bd2 {[#]} f3 $1 {[%mdl 512]} 23. Be3 (23. gxf3 Qxh3#) 23... fxe4 {Black mates.} 24. Bxd4 exd3 25. Qd2 fxg2+ 26. Kh2 cxd4 27. Rxe8 Rxe8 {Accuracy: White = 27%, Black = 74%.} 0-1

[Event "3. Open Bohumin 2020"]
[Site "Bohumin"]
[Date "2020.07.24"]
[Round "7.19"]
[White "Cempel, Jaroslav"]
[Black "Stehlik, Jiri"]
[Result "0-1"]
[WhiteElo "2049"]
[BlackElo "1855"]
[Annotator "NA"]
[PlyCount "65"]
[EventDate "2020.07.18"]
[EventType "swiss"]
[EventCountry "CZE"]
[SourceTitle "playchess.com"]
[Source "ChessBase"]
[SourceQuality "1"]
[TimeControl "40/5400+30:900+30"]

1. e4 {[%emt 0:00:00]} c6 {[%emt 0:17:06]} 2. d4 {[%emt 0:00:46]} g6 {[%emt 0:00:41]} 3. h4 {[%emt 0:00:09]} h5 {[%emt 0:03:01]} 4. c4 {[%emt 0:02:41]} d6 {[%emt 0:01:18] [#]} 5. f4 $146 {[%emt 0:00:18]} ({Predecessor:} 5. d5 Bg7 6. Nc3 Bxc3+ 7. bxc3 Nf6 8. f3 Qa5 9. Ne2 Nbd7 10. Bd2 Nb6 11. Nd4 {1-0 (39) Sulskis,S (2582)-Dumitrache,D (2493) Cappelle-la-Grande 2004}) 5... Nf6 {[%emt 0:02:20]} 6. Nc3 {[%emt 0:00:15] B06: Modern Defence.} Bg7 {[%emt 0:00:50]} 7. Nf3 {[%emt 0:00:19]} a6 {[%emt 0:04:23]} 8. a4 {[%emt 0:06:04]} a5 {[%emt 0:00:56]} 9. Bd3 {[%emt 0:01:26]} Na6 {[%emt 0:00:43]} 10. Qe2 {[%emt 0:02:19]} Ng4 {[%emt 0:07:52]} 11. e5 {[%emt 0:03:42]} Nc7 {[%emt 0:07:16]} 12. Bd2 {[%emt 0:05:12]} Bf5 {[%emt 0:03:09]} 13. Bxf5 {[%emt 0:01:36]} gxf5 {[%emt 0:00:02]} 14. O-O-O {[%emt 0:00:27]} d5 {[%emt 0:01:00]} 15. Qd3 {[%emt 0:02:36]} Nf2 {[%emt 0:01:46]} 16. Qxf5 {[%emt 0:00:09]} e6 {[%emt 0:00:53]} 17. Qc2 {[%emt 0:00:14]} Qd7 {[%emt 0:03:56]} 18. c5 {[%emt 0:06:24]} Kd8 {[%emt 0:02:43]} 19. Rhf1 {[%emt 0:00:34]} Nxd1 {[%emt 0:00:04]} 20. Nxd1 {[%emt 0:00:13]} Ne8 {[%emt 0:02:40]} 21. f5 {[%emt 0:00:21]} exf5 $18 {[%emt 0:03:10]} 22. Bg5+ {[%emt 0:00:44]} Kc8 {[%emt 0:02:10]} 23. Bf6 {[%emt 0:01:21]} Bh6+ {[%emt 0:06:22]} 24. Kb1 {[%emt 0:01:22]} Rg8 {[%emt 0:01:36]} 25. Ng5 {[%emt 0:00:29]} Nxf6 {[%emt 0:00:53]} 26. exf6 {[%emt 0:00:18]} Bxg5 {[%emt 0:00:20]} 27. hxg5 {[%emt 0:00:13]} Rxg5 {[%emt 0:00:06]} 28. Ne3 {[%emt 0:00:27]} Kc7 {[%emt 0:02:50]} 29. Nxf5 {[%emt 0:01:25]} Rxf5 {[%emt 0:07:57]} 30. Qxf5 {[%emt 0:01:38]} Qxf5+ {[%emt 0:01:51]} 31. Rxf5 {[%emt 0:00:09]} Kd7 {[%emt 0:00:42]} 32. Re5 {[%emt 0:00:51]} Re8 {[%emt 0:01:11]} 33. Rxh5 {[%emt 0:00:19]} 0-1

[Event "3. Open Bohumin 2020"]
[Site "Bohumin"]
[Date "2020.07.24"]
[Round "7.20"]
[White "Pekarek, Ales"]
[Black "Fialka, Adam"]
[Result "1-0"]
[WhiteElo "2277"]
[BlackElo "1842"]
[Annotator "TA"]
[PlyCount "105"]
[EventDate "2020.07.18"]
[EventType "swiss"]
[EventCountry "CZE"]
[SourceTitle "playchess.com"]
[Source "ChessBase"]
[SourceQuality "1"]

{[%evp 12,105,64,38,32,11,37,12,11,0,14,19,73,20,59,45,97,88,101,93,122,83,101,8,22,9,24,0,0,-35,0,0,54,0,0,-1,-17,-23,0,0,0,7,0,0,35,25,68,58,43,-17,46,17,46,0,63,-27,-44,-54,0,0,0,-64,-77,-44,0,0,67,75,104,42,172,-160,422,305,1259,1203,1147,952,1277,1355,6613,6709,5708,2439,6098,6107,5791,5791,5661,5285,5233,5207,5106,5097,5604,4714]} 1. e4 c5 2. c3 e6 3. d4 d5 4. e5 Nc6 5. Nf3 Nge7 6. Bd3 Ng6 7. O-O Qb6 {C02: French: Advance Variation.} 8. Bc2 Bd7 9. Re1 Be7 {The position is equal.} 10. g3 Rc8 {[#]} 11. a3 $146 ({Predecessor:} 11. Kg2 Qc7 12. Bg5 cxd4 13. Bxe7 Ncxe7 14. Qxd4 Nc6 15. Qd1 Ngxe5 16. Nbd2 Nxf3 17. Nxf3 {1-0 (32) Sanchez,R-Sanduay,N Buenos Aires 2004}) 11... a5 (11... O-O $11 {remains equal.}) 12. Ra2 (12. h4 $1 $16) 12... h6 13. Be3 cxd4 (13... O-O $14) 14. cxd4 $16 Qa6 15. Nc3 Na7 16. Kh1 b5 17. Bxg6 ({White should play} 17. Ne2 $16) 17... fxg6 $11 18. Qd3 g5 19. Qg6+ Kf8 $1 20. Rg1 (20. Qd3 {is interesting.} Qb7 21. Raa1 Be8 22. Rg1 Bh5 23. g4) 20... Be8 21. Qd3 g6 (21... Qb7 $11) 22. Nd2 (22. h4 $14) 22... a4 23. f4 g4 24. Raa1 Kg7 25. h3 h5 26. hxg4 hxg4+ 27. Kg2 Bf7 28. Qe2 Rh5 29. Qxg4 Rch8 {Threatens to win with ...b4.} 30. Nf1 (30. Kf2 $14) 30... Qc6 (30... Nc6 $11) 31. Qe2 $14 Be8 32. Rc1 {And now Nxa4! would win.} Qb7 (32... Qd7 $1 $11) 33. Bf2 (33. g4 $1 $14 Rh3 34. f5 $1 {[%mdl 512]} gxf5 35. gxf5 exf5 36. Qc2 (36. Kf2+ Kf8 $14)) 33... b4 $11 34. axb4 Bxb4 (34... Qxb4 $15 35. Na2 Qb8) 35. g4 $36 {[%mdl 2048] White has some pressure.} Rh3 36. Ng3 ({White should try} 36. f5 $11) 36... Rh2+ $1 $15 37. Kf3 R8h3 38. Rg2 Bxc3 (38... Nc6 $11) 39. Rxc3 $14 Bb5 40. Qc2 (40. Qe3 $16) 40... Nc6 (40... Bc4 $1 $14) 41. f5 $2 {[#]} (41. Be3 $1 $18 Rh1 42. Kf2) 41... Qb6 $2 (41... Nxe5+ $1 $17 {[%mdl 512] keeps the pressure on.} 42. Kf4 (42. dxe5 d4+) 42... Nc4 43. Rxh2 Rxh2) 42. fxg6 {Hoping for Rxh2.} Bc4 $2 (42... Qxd4 43. Bxd4 Nxd4+ 44. Kf2 Nxc2) 43. Rxh2 $18 {White is clearly winning.} Rxh2 44. Nh5+ Rxh5 45. gxh5 Nxd4+ 46. Bxd4 Qxd4 {[%mdl 4096] Endgame KQR-KQB} 47. Qf2 Qxe5 48. Qa7+ {[%mdl 64] Double Attack} Kh6 {[#]} 49. Qe3+ $1 Qxe3+ 50. Rxe3 d4 51. Re5 d3 52. Ke3 Kg7 53. Re4 {Accuracy: White = 65%, Black = 38%.} 1-0

[Event "3. Open Bohumin 2020"]
[Site "Bohumin"]
[Date "2020.07.25"]
[Round "8.1"]
[White "Niedbala, Bartlomiej"]
[Black "Kriebel, Tadeas"]
[Result "1/2-1/2"]
[WhiteElo "2379"]
[BlackElo "2517"]
[Annotator "TA"]
[PlyCount "88"]
[EventDate "2020.07.18"]
[EventType "swiss"]
[EventCountry "CZE"]
[SourceTitle "playchess.com"]
[Source "ChessBase"]
[SourceQuality "1"]

{[%evp 11,88,16,26,2,32,16,22,-2,4,-10,-8,-26,-22,-26,-26,-33,-15,-25,-26,-20,0,-4,-5,-31,0,0,0,-10,-8,-35,-31,-30,-32,-41,-50,-10,-28,-129,-100,-81,-56,-51,0,-89,-88,-71,-27,-114,-27,-20,-20,-20,-28,-28,-33,-26,-16,-18,-12,-12,-13,-19,0,0,0,0,4,0,0,0,0,0,0,0,0,0,0,0,0]} 1. d4 Nf6 2. c4 e6 3. Nf3 d5 4. Nc3 Bb4 5. Qa4+ Nc6 6. e3 O-O 7. Qc2 $1 {[%mdl 4] is recently more successful than 7.Bd2. Played by Magnus Carlsen in July 2020. D38: Queen's Gambit Declined: Ragozin Defence (4 Nf3 Bb4).} Re8 8. Bd2 Bf8 9. Rd1 b6 {[#]} 10. cxd5 $146 ({Predecessor:} 10. a3 Bb7 11. cxd5 exd5 12. Bd3 Ne7 13. Ne5 Ng6 14. f4 c5 15. O-O c4 16. Bf5 {1-0 (25) Kempinski,R (2577)-Sanz Losada,V (2075) Zgierz 2018}) 10... exd5 11. Bb5 Nb4 12. Qb1 c6 13. Be2 g6 14. O-O Bf5 15. Qa1 c5 16. a3 Nc6 17. Bb5 Bd7 18. dxc5 bxc5 19. Be1 Qb6 20. Ba4 d4 21. exd4 cxd4 22. Bxc6 $1 Bxc6 23. Nxd4 Bb7 $36 {[%mdl 2048] Black has good play.} 24. Na4 (24. b4 $1 $11) 24... Qc7 $17 {[%mdl 1024] Black has strong compensation.} 25. f3 Ba6 26. Rf2 $1 Rad8 (26... Nd5 $15) 27. b4 {[#]} (27. Rc2 $1 $11 {keeps the balance.} Qd7 28. Bh4) 27... Qc4 $1 28. Bc3 {[#]} Bh6 $1 {[%cal Rh6e3]} 29. Nc2 (29. Kh1 $1 $11 {remains equal.}) 29... Rxd1+ ({Black should try} 29... Nd5 $17 30. Bd2 Bf8) 30. Qxd1 $11 Nd5 31. Qd4 {[%csl Gc3][%cal Rd4h8]} Nxc3 32. Qxc4 Bxc4 33. Nxc3 f5 {Threatens to win with ...Bg7.} 34. g3 {The position is equal.} Rd8 {aiming for ...Bb3.} 35. Kg2 Rd3 36. Ne2 Bg7 37. Nf4 Rc3 38. Rd2 Bf6 39. h4 Kf7 40. Ne2 Rb3 {Strongly threatening ...Rb2.} 41. Kf2 Rb2 {Hoping for ...Bb3.} 42. Ke3 $1 Rb3+ 43. Kf2 Rb2 {And now ...Bb3 would win.} 44. Ke3 $1 Rb3+ {Accuracy: White = 80%, Black = 87%.} 1/2-1/2

[Event "3. Open Bohumin 2020"]
[Site "Bohumin"]
[Date "2020.07.25"]
[Round "8.2"]
[White "Goluch, Piotr"]
[Black "Molenda, Marcin"]
[Result "1/2-1/2"]
[WhiteElo "2376"]
[BlackElo "2363"]
[Annotator "TA"]
[PlyCount "21"]
[EventDate "2020.07.18"]
[EventType "swiss"]
[EventCountry "CZE"]
[SourceTitle "playchess.com"]
[Source "ChessBase"]
[SourceQuality "1"]

{[%evp 10,21,22,13,34,19,40,-3,-6,0,0,-22,-7,-46]} 1. e4 c5 2. Nf3 e6 3. c3 d5 4. exd5 Qxd5 5. d4 Nc6 6. Na3 Qd8 {B22: Sicilian: 2 c3.} 7. Bf4 {[#] aiming for Nb5.} Nf6 8. Bb5 Bd7 {The position is equal.} 9. dxc5 Bxc5 {[#]} 10. Nc4 $146 ({Predecessor:} 10. O-O Nd5 11. Bd2 O-O 12. Be3 Nxe3 13. fxe3 Bxe3+ 14. Kh1 Bf4 15. Bxc6 Bxc6 16. Qxd8 Raxd8 17. Nd4 Bc7 18. Nxc6 bxc6 19. g3 e5 20. Rad1 g6 21. Rxd8 Rxd8 {0-1 (21) Galvin,J (1875)-Silva Filho,A (2047) LSS email 2012}) 10... O-O 11. Bd6 {Black took control after the opening.} 1/2-1/2

[Event "3. Open Bohumin 2020"]
[Site "Bohumin"]
[Date "2020.07.25"]
[Round "8.3"]
[White "Pulpan, Jakub"]
[Black "Radecki, Adam"]
[Result "1-0"]
[WhiteElo "2410"]
[BlackElo "1895"]
[Annotator "TA"]
[PlyCount "81"]
[EventDate "2020.07.18"]
[EventType "swiss"]
[EventCountry "CZE"]
[SourceTitle "playchess.com"]
[Source "ChessBase"]
[SourceQuality "1"]

{[%evp 12,81,48,31,62,77,39,52,54,43,190,188,234,111,121,120,344,297,332,318,297,206,386,191,169,130,111,112,127,-60,-51,-33,139,148,710,691,672,661,658,655,967,738,825,807,795,785,861,854,883,857,824,814,824,825,816,793,807,802,768,765,29981,29982,4810,1012,1006,985,1853,1822,5297,5173,1896,1837]} 1. e4 d6 2. d4 Nf6 3. Nc3 Nbd7 4. f4 e5 5. Nf3 exd4 6. Qxd4 c6 7. Be3 Be7 {B07: Pirc Defence: Miscellaneous Systems.} 8. O-O-O O-O 9. h3 b5 {White is slightly better.} 10. e5 dxe5 (10... Ne8 $14) 11. fxe5 $18 Ne8 {[#]} 12. e6 $146 (12. Qe4 $18 {and White stays clearly on top.} Qc7 13. Bxb5 $1 {[%mdl 512]}) ({Predecessor:} 12. Qe4 Qc7 13. Bxb5 Bb7 14. Bd3 a6 15. e6 Ndf6 16. exf7+ Rxf7 17. Qa4 Nd5 18. Nxd5 cxd5 19. Rhe1 Nd6 {1-0 (19) Relidzynski,T (1976)-Koszela,S (1872) Wisla 2009}) 12... fxe6 $16 {[#]} 13. Qe4 $1 {[%cal Re4c6]} Bf6 $2 (13... Qc7 $16) 14. Qxc6 Rb8 15. Bxa7 (15. Qxe6+ Kh8 $18) 15... Rb7 16. Be3 (16. Qxe6+ $6 Kh8 $18) (16. Nxb5 $6 Nc7 $16) 16... Qa5 $2 (16... Nc7 {is a better defense.} 17. Ne4 (17. Nxb5 Qe7 $16) 17... Nb8 18. Rxd8 Nxc6 19. Rxf8+ Kxf8) 17. Nd4 ({Weaker is} 17. Qxc8 Rc7 $18) (17. Rxd7 $142 Rxd7 18. Qxc8) 17... b4 $18 18. Ncb5 ({Reject} 18. Qxc8 $6 Nd6 $11) 18... Nc7 19. Nxc7 (19. Nxe6 $2 Ne5 $19) 19... Rxc7 20. Qd6 $2 ({White has to play} 20. Qxe6+ $16 Kh8 21. Nb5) 20... Nc5 $15 {Threatens to win with ...Rd8.} 21. Bc4 {aiming for Nc6.} Be5 $2 (21... b3 $15 22. cxb3 Rd8) 22. Nc6 $40 {[%mdl 128] Black is in trouble. Black is on the road to losing.} ({Don't blunder} 22. Qxe5 $2 Nd3+ 23. Bxd3 Qxe5 $19) 22... Rxc6 $4 {[%mdl 8192]} (22... Bxd6 $16 23. Nxa5 Be5) 23. Qxc6 $18 Na4 24. Bd4 Bxd4 25. Rxd4 Nb6 26. Bxe6+ Bxe6 27. Qxe6+ Kh8 28. Re1 b3 29. axb3 {[%cal Ba2b3,Bb3b4][%mdl 32]} Qa1+ 30. Kd2 Qa5+ 31. b4 Qg5+ 32. Qe3 Qxg2+ 33. Kc1 h6 34. Re4 Nd5 35. Qd2 Rf2 36. Re8+ Kh7 37. R8e2 {White is clearly winning.} Rxe2 38. Qxe2 Qg5+ 39. Kb1 Nf4 40. Qe4+ Ng6 41. Qd3 {Accuracy: White = 52%, Black = 34%.} 1-0

[Event "3. Open Bohumin 2020"]
[Site "Bohumin"]
[Date "2020.07.25"]
[Round "8.4"]
[White "Sramek, Vojtech"]
[Black "Fargac, Martin"]
[Result "0-1"]
[WhiteElo "2178"]
[BlackElo "2329"]
[Annotator "TA"]
[PlyCount "50"]
[EventDate "2020.07.18"]
[EventType "swiss"]
[EventCountry "CZE"]
[SourceTitle "playchess.com"]
[Source "ChessBase"]
[SourceQuality "1"]

{[%evp 14,50,18,19,12,2,17,27,22,23,39,38,32,0,42,50,39,53,89,85,283,-38,-60,-83,-60,-117,-110,-236,-167,-177,-192,-189,-169,-616,-359,-631,-623,-697,-691]} 1. e4 e5 2. Nf3 Nc6 3. Bc4 Bc5 4. c3 Nf6 5. d3 d6 6. O-O h6 7. h3 O-O 8. Re1 a5 $1 {[%mdl 4] now scores much better than the old 8...a6. Played by Magnus Carlsen in May 2020. C54: Giuoco Piano: 4 c3 Nf6, main lines with 5 d4 and 5 d3.} 9. Nbd2 Re8 10. Nf1 Ba7 {White has an edge.} 11. Ng3 Be6 12. Bb5 Bd7 {[#]} 13. d4 $146 ({Predecessor:} 13. Ba4 Ne7 14. Bc2 Ng6 15. d4 b5 16. Be3 c5 17. dxe5 dxe5 18. Qc1 c4 19. Nf5 Bxe3 20. Qxe3 {0-1 (44) McShane,L (2669)-Adams,M (2706) Hull 2018}) 13... Ne7 (13... Nxd4 $5 14. Nxd4 exd4 15. Bxd7 Qxd7 $11) 14. Bxd7 Qxd7 15. Nh4 Ng6 16. Nhf5 $1 d5 $2 {[#]} (16... Qd8 $16 {might work better.}) 17. Qf3 $2 (17. Bxh6 $1 $18 {[%mdl 512]} gxh6 18. Qd2) 17... dxe4 $15 18. Nxh6+ {[#]} Kf8 $1 19. Nxe4 (19. Qf5 $15) 19... exd4 $17 {Threatens to win with ...Qd5.} 20. Nf5 (20. Bg5 $17 Nxe4 21. Rxe4) 20... Nxe4 21. Rxe4 Rxe4 22. Qxe4 Re8 $36 {[%mdl 2048] Black has strong initiative.} 23. Qf3 $2 (23. Qxb7 Qxf5 24. Qxa7 Re1+ 25. Kh2 Qe5+ 26. f4 Nxf4 27. Qa8+ Ke7 28. cxd4 Qxd4 29. Qf3) 23... Re1+ $19 24. Kh2 d3 25. b3 {Ba3+ is the strong threat.} d2 {Accuracy: White = 52%, Black = 76%.} 0-1

[Event "3. Open Bohumin 2020"]
[Site "Bohumin"]
[Date "2020.07.25"]
[Round "8.5"]
[White "Mrazek, Lumir"]
[Black "Kucza, Karol"]
[Result "1/2-1/2"]
[WhiteElo "2327"]
[BlackElo "2245"]
[Annotator "TA"]
[PlyCount "71"]
[EventDate "2020.07.18"]
[EventType "swiss"]
[EventCountry "CZE"]
[SourceTitle "playchess.com"]
[Source "ChessBase"]
[SourceQuality "1"]

{[%evp 9,71,-21,-19,-20,-20,-28,-26,-37,-29,-29,-20,-8,1,8,0,0,19,4,8,-16,-14,-9,-8,-25,-20,-37,-33,-28,-45,-29,-3,0,20,18,17,17,17,17,17,17,17,17,24,24,24,24,24,24,48,36,62,62,62,62,62,62,103,62,62,62,62,62,62,62]} 1. e4 e5 2. Qh5 Nc6 3. Bc4 g6 4. Qf3 Nf6 5. Ne2 Bg7 6. O-O {C20: 1 e4 e5: Unusual White second moves.} d6 7. h3 O-O 8. Nbc3 {[#] Black has an edge.} Na5 $146 ({Predecessor:} 8... Be6 9. Bb3 Nd4 10. Nxd4 exd4 11. Nd5 a5 12. Nxf6+ Bxf6 13. Bxe6 fxe6 {1-0 (38) Deus Filho,J (1908)-Rocha,V (2174) Recife 2019}) 9. Bb3 c6 10. d4 Nxb3 11. axb3 exd4 12. Nxd4 Qe7 13. Re1 d5 14. Bf4 {[%cal Re4d5]} Nxe4 15. Nxe4 {[#] Nd6 is the strong threat.} Bxd4 16. Rad1 Bxb2 17. Bd6 dxe4 18. Bxe7 exf3 19. Bxf8 Bf5 ({Don't play} 19... Kxf8 $6 20. Rd8+ Kg7 21. Ree8 $16) 20. Bh6 $1 fxg2 21. Re7 $1 Bg7 ({But not} 21... Bxc2 $2 22. Rde1 $18) 22. Bxg7 Kxg7 23. Rxb7 Bxc2 $11 {[%mdl 4096] Endgame KRR-KRB} 24. Rdd7 Rf8 25. Re7 a5 26. Kxg2 a4 27. bxa4 Bxa4 28. Kg3 Kf6 29. Rec7 {[%mdl 1024] White has compensation.} h5 30. h4 Bb5 31. Kf4 Ba4 32. Rd7 Ke6 33. Re7+ Kf6 {White is slightly better.} 34. Rec7 Bb5 35. Ra7 Bc4 36. Rxc6+ {[%mdl 64] Double Attack. Accuracy: White = 96%, Black = 87%.} 1/2-1/2

[Event "3. Open Bohumin 2020"]
[Site "Bohumin"]
[Date "2020.07.25"]
[Round "8.6"]
[White "Poysti, Nathanael"]
[Black "Michenka, Jozef"]
[Result "1-0"]
[WhiteElo "2209"]
[BlackElo "2299"]
[Annotator "TA"]
[PlyCount "80"]
[EventDate "2020.07.18"]
[EventType "swiss"]
[EventCountry "CZE"]
[SourceTitle "playchess.com"]
[Source "ChessBase"]
[SourceQuality "1"]

{[%evp 13,80,18,39,33,27,31,39,47,54,54,48,15,68,62,43,45,80,89,103,79,99,72,57,32,43,36,88,81,118,114,109,114,140,134,133,122,172,172,156,149,156,-91,82,92,158,87,333,84,82,75,66,75,184,42,34,56,45,63,430,432,497,491,891,507,502,480,507,499,347]} 1. c4 e6 2. Nc3 d5 3. d4 Nf6 4. cxd5 exd5 5. Bg5 Be7 6. e3 c6 7. Bd3 Bg4 8. Qb3 {Strongly threatening Bxf6. D35: Queen's Gambit Declined: Exchange Variation.} Qb6 9. Qc2 h6 10. Bh4 {[#] White is slightly better.} O-O $146 ({Predecessor:} 10... Na6 11. a3 Qa5 12. Qc1 c5 13. Bb5+ Bd7 14. Bxd7+ Nxd7 15. Bxe7 Kxe7 16. Nge2 c4 {1-0 (40) Yakovich,Y (2600)-Polak,T (2510) Dresden 2007}) 11. h3 Be6 12. Nf3 Na6 (12... Nbd7 $11) 13. a3 $14 c5 14. O-O c4 15. Be2 Qd8 16. Ne5 Nd7 17. Bxe7 Qxe7 18. f4 {Threatens to win with Nxd7.} Nxe5 19. dxe5 Qc5 ({Black should play} 19... Rad8 $14) 20. Qd2 $36 {[%mdl 2048] White is on the roll.} f5 21. Bf3 Rad8 {...d4 would now be nice for Black.} 22. Rad1 Rd7 23. Qd4 (23. Bxd5 $2 Bxd5 24. Nxd5 Rfd8 $19) 23... Rfd8 24. g4 Qe7 25. gxf5 Bxf5 26. Bxd5+ Kh8 27. Rf3 $2 (27. Qxa7 Bxh3 28. Bg2 Bxg2 $11) (27. Qxc4 $16 {stays on course. Black must now prevent Bg2.} Qh4 28. Qe2) 27... Nc7 $2 (27... Nc5 $1 $17) 28. e4 (28. Qxc4 $6 Qh4 $11) 28... Qh4 {[#]} (28... Be6 $142) 29. Kg2 (29. exf5 $6 Rxd5 30. Nxd5 Rxd5 $11) (29. Qxc4 Bxh3 30. Qe2 Bg4 $11) (29. Qf2 $142 $1 {[%cal Rf2h4]} Qxf2+ 30. Kxf2 Bxe4 31. Bxe4 Rxd1 32. Nxd1 Rxd1 33. Rc3 (33. Bxb7 Rd2+ 34. Ke3 Rxb2 $14)) 29... Ne6 $2 (29... Be6 $16) 30. Qe3 $2 (30. Qf2 $18 {and the rest is easy.} Qxf2+ 31. Kxf2 Bxe4 32. Bxe6 {[%mdl 64] Discovered Attack} (32. Bxe4 Rxd1 33. Nxd1 Rxd1 $16) (32. Nxe4 Rxd5 33. Rxd5 Rxd5 $14) 32... Rxd1 33. Nxe4) 30... Bxh3+ {[%mdl 64] Decoy} 31. Rxh3 Nxf4+ 32. Kh2 $1 Qg5 {[#]} (32... Nxh3 $16 33. Qxh3 Qf2+ 34. Qg2 Qh4+ 35. Kg1 Rf8) 33. Rg1 (33. Qg3 $1 $18 {[%cal Rg3g5] Hoping for Qxg5.} Nxh3 34. Kxh3) 33... Qxe5 $14 34. Qg3 Rd6 $1 {[%cal Rd6g6] ...Rg6 is the strong threat.} 35. Rh4 g5 $2 {[%mdl 8192]} (35... Rf8 $1 $14 36. Rf1 (36. Bxc4 Rg6 $19) 36... Rdf6) 36. Qxg5 $1 $18 {White is clearly winning.} Qxg5 37. Rxg5 Rf8 (37... a5 $142 38. Bxc4 {[%mdl 64] Discovered Attack} Rg6) 38. Rf5 Rxf5 39. exf5 Nxd5 40. Rd4 Rb6 {Accuracy: White = 56%, Black = 40%.} 1-0